000 00649nam a2200205 i 4500
001 58073
003 ES-MaACL
005 20230906163723.0
007 t|
008 031020s1907 fr ||||1| fre d
100 1 _aDuprat, G. L.
_946114
245 1 3 _aLa solidaritè sociale
_b: les causes son evolutiáon ses consequences /
_cpar G.L. Duprat ; preface par M.G. Richard.
260 _a[S.l. :
_bs.n.,
_c1907] (
_eTours :
_fMame)
300 _a354 p. ;
_c18 cm.
490 1 _aEncyclopédie scientifique
700 0 _aRichard, Gaston.
_996905
830 0 _aEncyclopédie scientifique
_9180883
852 _aES-MaACL
_jD-4341
999 _c58073
_d58073